As profecias do Bandarra (Record no. 1967)
[ view plain ]
| 000 -Etiqueta do registo | |
|---|---|
| Valores | 00818cam a2200241 4500 |
| 010 ## - Número ISBN | |
| ISBN | 9728470290 |
| 021 ## - Número do Depósito Legal | |
| Código do país | Portugal |
| Número | 166590/01 |
| 100 ## - Dados gerais de processamento | |
| Dados gerais | 20251118d2001 m||y0pory5003 ba |
| 101 0# - Língua de publicação | |
| Língua | Português |
| 102 ## - País de publicação | |
| País | Portugal |
| 200 ## - Titulo e menção de responsabilidade | |
| Título próprio | As profecias do Bandarra |
| Primeira menção de responsabilidade | Gonçalo Annes Bandarra |
| Informação de outro título | Segundo a fidedigna versão editada no Porto em 1866, apurada e impressa por ordem de um Grande Senhor de Portugal |
| Outras menções de responsabilidade | Prefácio de Fernando Santos Costa |
| 210 #9 - Publicação | |
| Local de publicação | [S.l] |
| Nome do editor | Moderna Editorial Lavores |
| Data de publicação | 2001 |
| 215 ## - Descrição física | |
| Paginação / Volumes | 159 p. |
| Dimensões | 22 cm |
| 300 ## - Notas gerais | |
| Texto da nota | BMB-Registado |
| 606 ## - Nome comum usado como assunto | |
| ID Autoridade | 776 |
| Palavra de ordem | Literatura Portuguesa |
| 606 ## - Nome comum usado como assunto | |
| ID Autoridade | 1613 |
| Palavra de ordem | Poesia |
| 675 ## - CDU | |
| Notação | 821.134.3-1 |
| Edição | BMB |
| Língua | por |
| 700 ## - Autor principal (pessoa individual) | |
| Apelido | Bandarra |
| Nome | Gonçalo Anes |
| Datas | ca 1500-1556 |
| ID Autoridade | 2823 |
| 701 ## - Co-autor principal (pessoa individual) | |
| ID Autoridade | 2824 |
| Apelido | Costa |
| Nome | Fernando Santos |
| Função | Autor da introdução (prefaciador) |
| 801 ## - Fonte de origem | |
| País | PT |
| Agência | BMB |
| Regras de catalogação | RPC |
| 990 ## - Elementos KOHA | |
| Tipo de documento | Livro |
| Situação do levantamento | Estado | Número | Biblioteca de origem | Código de barras | Cota | Permissão de empréstimo | Tipo de documento | Forma de aquisição |
|---|---|---|---|---|---|---|---|---|
| 1 | Biblioteca Municipal de Borba | 1916 | 821.134.3-1 BAN / PRO | Livro | Oferta |